[Event "Benidorm 2010 - Sub-2300"]
[Site "Benidorm ESP"]
[Date "2010.12.08"]
[Round "7.15"]
[White "Inigo Munoz, Javier"]
[Black "Urukalovic, Roman"]
[Result "1/2-1/2"]
[WhiteElo "2188"]
[BlackElo "2242"]
[PlyCount "69"]
[EventDate "2010.12.03"]
[EventType "tourn"]
[EventRounds "10"]
[EventCountry "ESP"]
[Source "lmi"]
[SourceDate "2010.12.03"]

1. c4 Nf6 2. Nc3 g6 3. e4 d6 4. g3 Bg7 5. Bg2 O-O 6. Nge2 e5 7. O-O Nbd7 8. d3
a6 9. f4 c6 10. h3 b5 11. a3 Qb6+ 12. Kh2 Bb7 13. f5 a5 14. g4 h6 15. fxg6 fxg6
16. cxb5 cxb5 17. Qb3+ Kh7 18. Qxb5 Qc7 19. Qc4 Qxc4 20. dxc4 Nc5 21. Ng3 Nb3
22. Rb1 Ba6 23. g5 hxg5 24. Bxg5 Bxc4 25. Rfd1 Nd4 26. Rd2 Ra7 27. Be3 Rb7 28.
Nce2 Nxe2 29. Nxe2 Rfb8 30. Bg5 Ba2 31. Rc1 Rxb2 32. Rcd1 Bc4 33. Ng1 Ne8 34.
Rc1 Ba6 35. Nf3 1/2-1/2

[Event "Benidorm 2010 - Sub-2300"]
[Site "Benidorm ESP"]
[Date "2010.12.08"]
[Round "7.20"]
[White "Finol Berrueta, David Emmanuel"]
[Black "Rodriguez Yuste, Marcelo"]
[Result "1/2-1/2"]
[WhiteElo "2175"]
[BlackElo "2223"]
[PlyCount "58"]
[EventDate "2010.12.03"]
[EventType "tourn"]
[EventRounds "10"]
[EventCountry "ESP"]
[Source "lmi"]
[SourceDate "2010.12.03"]

1. e4 c5 2. c3 d5 3. exd5 Qxd5 4. d4 Nf6 5. Nf3 e6 6. Be3 Nc6 7. Na3 cxd4 8.
Nb5 Qd8 9. Nfxd4 Nd5 10. Qa4 Bd7 11. Nxc6 Bxc6 12. Qg4 Nxe3 13. fxe3 Qb6 14.
Qd4 Bc5 15. Nc7+ Qxc7 16. Qxc5 O-O-O 17. Be2 Rd5 18. Qxa7 Ra5 19. Qd4 Rd8 20.
Qxg7 Qb6 21. b4 Rf5 22. Qg3 Bxg2 23. Rg1 Qc6 24. Rc1 Bf3 25. Rf1 Bxe2 26. Rxf5
exf5 27. Kxe2 Qc4+ 28. Kf2 Rd2+ 29. Kg1 Qe4 1/2-1/2

[Event "Benidorm 2010 - Sub-2300"]
[Site "Benidorm ESP"]
[Date "2010.12.08"]
[Round "7.31"]
[White "Cantero, Antonio"]
[Black "Monmeneu Chulia, Victor"]
[Result "1/2-1/2"]
[WhiteElo "2211"]
[BlackElo "2126"]
[PlyCount "45"]
[EventDate "2010.12.03"]
[EventType "tourn"]
[EventRounds "10"]
[EventCountry "ESP"]
[Source "lmi"]
[SourceDate "2010.12.03"]

1. e4 e5 2. Nf3 Nc6 3. Bc4 Bc5 4. b4 Bxb4 5. c3 Ba5 6. d4 exd4 7. O-O d6 8.
cxd4 Bg4 9. Qb3 Bxf3 10. Bxf7+ Kf8 11. Bxg8 Rxg8 12. Qxf3+ Qf6 13. Qxf6+ gxf6
14. d5 Ne5 15. Na3 Bb6 16. Nc2 Nc4 17. Be3 Nxe3 18. fxe3 Rg6 19. Rf4 Re8 20.
Raf1 Kf7 21. R1f2 c6 22. dxc6 bxc6 23. Kf1 1/2-1/2

[Event "Benidorm 2010 - Sub-2300"]
[Site "Benidorm ESP"]
[Date "2010.12.08"]
[Round "7.43"]
[White "Perez Aleman, Pedro Tomas"]
[Black "Diez Fraile, David"]
[Result "1/2-1/2"]
[WhiteElo "2084"]
[BlackElo "2167"]
[PlyCount "29"]
[EventDate "2010.12.03"]
[EventType "tourn"]
[EventRounds "10"]
[EventCountry "ESP"]
[Source "lmi"]
[SourceDate "2010.12.03"]

1. Nf3 Nf6 2. c4 g6 3. Nc3 Bg7 4. e4 d6 5. d4 O-O 6. Be2 e5 7. O-O Nc6 8. dxe5
Nxe5 9. Nxe5 dxe5 10. Qxd8 Rxd8 11. Bg5 c6 12. f4 exf4 13. Rad1 Rxd1 14. Rxd1
Bg4 15. Bxg4 1/2-1/2

[Event "Benidorm 2010 - Sub-2300"]
[Site "Benidorm ESP"]
[Date "2010.12.08"]
[Round "7.48"]
[White "Landa Monux, Josu"]
[Black "Du Plessis, Heinco"]
[Result "0-1"]
[WhiteElo "2047"]
[BlackElo "2116"]
[PlyCount "45"]
[EventDate "2010.12.03"]
[EventType "tourn"]
[EventRounds "10"]
[EventCountry "ESP"]
[Source "lmi"]
[SourceDate "2010.12.03"]

1. d4 d5 2. c4 c6 3. Nc3 dxc4 4. a4 e5 5. e3 exd4 6. exd4 Be6 7. Nf3 Bb4 8. Be2
Nf6 9. O-O Nbd7 10. Ng5 Bd5 11. Nxd5 Nxd5 12. Bf3 O-O 13. Qc2 h6 14. Nh3 a5 15.
Nf4 Nb8 16. Qf5 Na6 17. Be3 Ne7 18. Qh3 Qc8 19. g4 Qd7 20. Qg2 g5 21. Nh3 Ng6
22. Bd1 Nh4 23. Qh1 0-1

[Event "Benidorm 2010 - Sub-2300"]
[Site "Benidorm ESP"]
[Date "2010.12.08"]
[Round "7.52"]
[White "Codina Tormo, Julia"]
[Black "Obers, Frits"]
[Result "1/2-1/2"]
[WhiteElo "2018"]
[BlackElo "2103"]
[PlyCount "49"]
[EventDate "2010.12.03"]
[EventType "tourn"]
[EventRounds "10"]
[EventCountry "ESP"]
[Source "lmi"]
[SourceDate "2010.12.03"]

1. e4 c5 2. Nf3 g6 3. d4 cxd4 4. Nxd4 Nc6 5. Nc3 Bg7 6. Be3 Nf6 7. Nxc6 bxc6 8.
e5 Ng8 9. Bd4 Qa5 10. f4 Nh6 11. Qd2 O-O 12. Be2 Rb8 13. Ne4 Qxd2+ 14. Kxd2 d6
15. Bxa7 Rb4 16. Bd3 dxe5 17. Bc5 Rb7 18. fxe5 Bxe5 19. a4 Bf5 20. Ke2 Rxb2 21.
h3 Ra8 22. a5 Bxe4 23. Bxe4 Rb5 24. Bxc6 Rbxa5 25. Rxa5 1/2-1/2

[Event "Benidorm 2010 - Sub-2300"]
[Site "Benidorm ESP"]
[Date "2010.12.09"]
[Round "8.1"]
[White "Recuero Guerra, Javier"]
[Black "Griezne, Edvins"]
[Result "1/2-1/2"]
[WhiteElo "2287"]
[BlackElo "2012"]
[PlyCount "73"]
[EventDate "2010.12.03"]
[EventType "tourn"]
[EventRounds "10"]
[EventCountry "ESP"]
[Source "lmi"]
[SourceDate "2010.12.03"]

1. d4 d5 2. Bf4 c6 3. c3 Qb6 4. Qb3 Nf6 5. h3 Bf5 6. Nd2 e6 7. Ngf3 h6 8. e3
Nbd7 9. Be2 Be7 10. Bh2 Ne4 11. Nxe4 Bxe4 12. O-O O-O 13. Rfe1 a5 14. Nd2 Bg6
15. a4 Qxb3 16. Nxb3 Rfc8 17. Rec1 Kf8 18. c4 dxc4 19. Bxc4 Be4 20. Nd2 Bg6 21.
Nb3 Be4 22. Nd2 Bg6 23. Be2 Nb6 24. Nb3 Nd7 25. Bg3 Bb4 26. f3 f6 27. e4 Bf7
28. Bf2 Rd8 29. Be3 e5 30. Bc4 exd4 31. Nxd4 Ne5 32. Be2 Rd6 33. Kf2 Rad8 34.
f4 Ng6 35. Nf5 R6d7 36. g3 Ne7 37. Nxe7 1/2-1/2

[Event "Benidorm 2010 - Sub-2300"]
[Site "Benidorm ESP"]
[Date "2010.12.09"]
[Round "8.2"]
[White "Cruz Lledo, Pablo"]
[Black "Renteria, Jorge"]
[Result "1/2-1/2"]
[WhiteElo "2010"]
[BlackElo "2262"]
[PlyCount "179"]
[EventDate "2010.12.03"]
[EventType "tourn"]
[EventRounds "10"]
[EventCountry "ESP"]
[Source "lmi"]
[SourceDate "2010.12.03"]

1. d4 Nf6 2. c4 c5 3. d5 b5 4. Nf3 bxc4 5. Nc3 d6 6. e4 Ba6 7. Bxc4 Bxc4 8.
Qa4+ Nbd7 9. Qxc4 g6 10. O-O Bg7 11. h3 O-O 12. Bd2 Rb8 13. Na4 Ne8 14. Rab1
Nc7 15. b4 Nb6 16. Nxb6 axb6 17. a4 Qd7 18. b5 e6 19. Rfd1 exd5 20. exd5 Qf5
21. Bf4 Rfd8 22. Rb3 Ra8 23. g4 Qd7 24. Rd2 Re8 25. Re3 h5 26. Bg3 hxg4 27.
hxg4 Rxe3 28. fxe3 Ne8 29. g5 Qf5 30. Kg2 Qb1 31. Ra2 Bf8 32. Nd2 Qf5 33. Ne4
Be7 34. Rf2 Qg4 35. Nxd6 Qxc4 36. Nxc4 Rxa4 37. Nxb6 Rb4 38. Nc8 Bxg5 39. d6
Nf6 40. b6 Nd7 41. Bf4 Bd8 42. Ne7+ Kg7 43. Nc6 Bxb6 44. Nxb4 cxb4 45. Rc2 Kf6
46. Kf3 Ke6 47. Rb2 Bc5 48. e4 Bxd6 49. Bxd6 Kxd6 50. Rxb4 f5 51. exf5 gxf5 52.
Kf4 Kd5 53. Kxf5 Nc5 54. Rb1 Kc4 55. Ke5 Nd3+ 56. Ke4 Nc5+ 57. Ke3 Kd5 58. Rc1
Ne6 59. Rh1 Ke5 60. Rh5+ Kf6 61. Ra5 Ng5 62. Kf4 Ne6+ 63. Kg4 Nd4 64. Kf4 Ne6+
65. Ke4 Ng5+ 66. Kd4 Ne6+ 67. Kd5 Nf4+ 68. Kd6 Ng6 69. Rb5 Nf4 70. Ra5 Ng6 71.
Rb5 Nf4 72. Kd7 Ng6 73. Ra5 Ne5+ 74. Kc7 Ke6 75. Ra6+ Kd5 76. Rd6+ Kc5 77. Rd1
Nc4 78. Kd7 Ne5+ 79. Ke6 Nc4 80. Rd5+ Kb4 81. Rh5 Kc3 82. Kd5 Ne3+ 83. Kc5 Kd3
84. Rh4 Kc3 85. Rf4 Kd3 86. Ra4 Nc2 87. Rc4 Ne3 88. Rd4+ Ke2 89. Re4 Kd3 90.
Rxe3+ 1/2-1/2

[Event "Benidorm 2010 - Sub-2300"]
[Site "Benidorm ESP"]
[Date "2010.12.09"]
[Round "8.3"]
[White "Arata Roberto, Mario"]
[Black "Voiteanu, Gabriel"]
[Result "1-0"]
[WhiteElo "2237"]
[BlackElo "2262"]
[PlyCount "107"]
[EventDate "2010.12.03"]
[EventType "tourn"]
[EventRounds "10"]
[EventCountry "ESP"]
[Source "lmi"]
[SourceDate "2010.12.03"]

1. d4 Nf6 2. c4 g6 3. Nc3 d5 4. cxd5 Nxd5 5. Qb3 Nb6 6. e4 Qxd4 7. Be3 Qd8 8.
Rd1 Bd7 9. Bd4 Rg8 10. Nf3 Nc6 11. Be3 e6 12. Be2 Qe7 13. a3 Bg7 14. O-O O-O-O
15. Qc2 Ne5 16. Nd2 h5 17. Rc1 Kb8 18. b4 Ng4 19. Bc5 Qf6 20. Qb3 Nxh2 21. Kxh2
Qf4+ 22. Kg1 Qxd2 23. Be3 Qd6 24. Rfd1 Qe7 25. Bc5 Qh4 26. g3 Qf6 27. Bd4 Ba4
28. Bxf6 Rxd1+ 29. Bxd1 Bxb3 30. Bxg7 Bxd1 31. Rxd1 Rxg7 32. Rd8+ Nc8 33. e5 c6
34. Ne4 Kc7 35. Re8 g5 36. f3 a6 37. Nf6 h4 38. Rf8 Rg6 39. Rxf7+ Kb6 40. a4 c5
41. bxc5+ Kc6 42. g4 Na7 43. Re7 Kxc5 44. Rxe6 Rg7 45. Rd6 Nc6 46. Ne4+ Kb4 47.
e6 Kxa4 48. Rd7 Rxd7 49. exd7 Nd8 50. f4 b5 51. fxg5 b4 52. g6 b3 53. g7 b2 54.
Nd2 1-0

[Event "Benidorm 2010 - Sub-2300"]
[Site "Benidorm ESP"]
[Date "2010.12.09"]
[Round "8.4"]
[White "Ladron De Guevara Pinto, Paolo"]
[Black "Carbonell Bofill, Carlos Eloy"]
[Result "1/2-1/2"]
[WhiteElo "2232"]
[BlackElo "2256"]
[PlyCount "28"]
[EventDate "2010.12.03"]
[EventType "tourn"]
[EventRounds "10"]
[EventCountry "ESP"]
[Source "lmi"]
[SourceDate "2010.12.03"]

1. e4 e6 2. d4 d5 3. Nc3 Nf6 4. e5 Nfd7 5. Nf3 c5 6. dxc5 Nc6 7. Bf4 Bxc5 8.
Bd3 Be7 9. Qe2 Nc5 10. h4 Bd7 11. h5 Qa5 12. O-O Qb4 13. Qd2 Nxd3 14. cxd3 Nd4
1/2-1/2

[Event "Benidorm 2010 - Sub-2300"]
[Site "Benidorm ESP"]
[Date "2010.12.10"]
[Round "9.2"]
[White "Carbonell Bofill, Carlos Eloy"]
[Black "Recuero Guerra, Javier"]
[Result "1-0"]
[WhiteElo "2256"]
[BlackElo "2287"]
[PlyCount "99"]
[EventDate "2010.12.03"]
[EventType "tourn"]
[EventRounds "10"]
[EventCountry "ESP"]
[Source "lmi"]
[SourceDate "2010.12.03"]

1. d4 d6 2. Bf4 Nf6 3. h3 g6 4. Nf3 Bg7 5. e3 O-O 6. a4 a5 7. Bc4 b6 8. Nbd2
Bb7 9. Qe2 Nbd7 10. e4 d5 11. Bd3 c5 12. c3 cxd4 13. cxd4 dxe4 14. Nxe4 Nxe4
15. Bxe4 Bxe4 16. Qxe4 Nf6 17. Qe2 Qd5 18. O-O e6 19. Rfc1 h6 20. Rc4 Rac8 21.
Rac1 Rxc4 22. Rxc4 Ne4 23. Rc7 Rd8 24. Ne5 Qxd4 25. Nxf7 Qd1+ 26. Qf1 Qxf1+ 27.
Kxf1 Rf8 28. Nxh6+ Bxh6 29. Bxh6 Rxf2+ 30. Kg1 Rxb2 31. Rg7+ Kf8 32. h4 Ke8 33.
Rxg6 Kf7 34. Rg7+ Kf6 35. g4 Ng3 36. Rg5 Ne4 37. Bg7+ Kf7 38. Bxb2 Nxg5 39.
hxg5 Kg6 40. Bc1 e5 41. Kf2 e4 42. Be3 b5 43. axb5 a4 44. b6 a3 45. b7 a2 46.
Bd4 e3+ 47. Kxe3 a1=Q 48. Bxa1 Kxg5 49. Kf3 Kg6 50. Kf4 1-0

[Event "Benidorm 2010 - Sub-2300"]
[Site "Benidorm ESP"]
[Date "2010.12.10"]
[Round "9.3"]
[White "Perez Gonzalez, Jose Manuel"]
[Black "Cruz Lledo, Pablo"]
[Result "0-1"]
[WhiteElo "2281"]
[BlackElo "2010"]
[PlyCount "104"]
[EventDate "2010.12.03"]
[EventType "tourn"]
[EventRounds "10"]
[EventCountry "ESP"]
[Source "lmi"]
[SourceDate "2010.12.03"]

1. e4 c6 2. d4 d5 3. e5 Bf5 4. Nc3 e6 5. g4 Bg6 6. Nge2 c5 7. Be3 Nc6 8. dxc5
Nxe5 9. Nd4 Nc6 10. Bb5 Nge7 11. f4 h5 12. f5 exf5 13. gxf5 Bxf5 14. Qf3 Qd7
15. Rf1 g6 16. O-O-O O-O-O 17. Nxc6 bxc6 18. Ba6+ Kb8 19. Rd4 Ka8 20. Rb4 Rb8
21. Rxb8+ Kxb8 22. Qf4+ Ka8 23. Qe5 Rg8 24. Qd6 d4 25. Bxd4 Qxd6 26. cxd6 Nd5
27. Nxd5 cxd5 28. Bc5 Bh6+ 29. Kb1 Rd8 30. Rf3 Bf8 31. Rb3 Bxd6 32. Bb7+ Kb8
33. Bxd5+ Kc7 34. Bxa7 Bc5 35. Rc3 Rxd5 36. Rxc5+ Kd6 37. Rxd5+ Kxd5 38. b3 g5
39. Kb2 Bd7 40. c4+ Ke4 41. Kc3 f5 42. b4 f4 43. b5 g4 44. a4 h4 45. a5 g3 46.
hxg3 h3 47. Bg1 fxg3 48. a6 Bc8 49. a7 Bb7 50. c5 h2 51. Bxh2 gxh2 52. c6 Ba8
0-1

[Event "Benidorm 2010 - Sub-2300"]
[Site "Benidorm ESP"]
[Date "2010.12.10"]
[Round "9.4"]
[White "Renteria, Jorge"]
[Black "Ladron De Guevara Pinto, Paolo"]
[Result "1-0"]
[WhiteElo "2262"]
[BlackElo "2232"]
[PlyCount "71"]
[EventDate "2010.12.03"]
[EventType "tourn"]
[EventRounds "10"]
[EventCountry "ESP"]
[Source "lmi"]
[SourceDate "2010.12.03"]

1. Nf3 Nf6 2. c4 c5 3. Nc3 e6 4. e4 d6 5. d4 cxd4 6. Nxd4 Be7 7. Be2 O-O 8. O-O
a6 9. Be3 b6 10. f3 Bb7 11. Rc1 Nbd7 12. Qd2 Rc8 13. Rfd1 Qc7 14. Kh1 Qb8 15.
b3 Bd8 16. Qe1 Bc7 17. Qh4 Rfe8 18. Bg1 Ne5 19. Bf1 Ng6 20. Qf2 Kh8 21. b4 Qa8
22. Nb3 Nd7 23. a4 Rf8 24. a5 f5 25. axb6 Bxb6 26. c5 fxe4 27. cxb6 exf3 28. g3
Nf6 29. h3 Rxc3 30. Rxc3 Ne4 31. Rc7 Nxf2+ 32. Bxf2 Bd5 33. Na5 Qd8 34. Nc6 Qe8
35. Rc1 Rf7 36. Bxa6 1-0

[Event "Benidorm 2010 - Sub-2300"]
[Site "Benidorm ESP"]
[Date "2010.12.10"]
[Round "9.5"]
[White "Amdouni, Zoubaier"]
[Black "Nava Pereda, Carlos"]
[Result "1-0"]
[WhiteElo "2233"]
[BlackElo "2258"]
[PlyCount "97"]
[EventDate "2010.12.03"]
[EventType "tourn"]
[EventRounds "10"]
[EventCountry "ESP"]
[Source "lmi"]
[SourceDate "2010.12.03"]

1. e4 c5 2. Nf3 Nc6 3. d4 cxd4 4. Nxd4 g6 5. Nc3 Bg7 6. Be3 Nf6 7. Bc4 Qa5 8.
O-O O-O 9. Bb3 d6 10. h3 Bd7 11. f4 Nxd4 12. Bxd4 Bc6 13. Nd5 Bxd5 14. exd5 Nd7
15. Bxg7 Kxg7 16. Qd4+ Kg8 17. Rae1 Rfe8 18. Kh1 Qc5 19. Qd3 b5 20. a4 a6 21.
Qf3 Qd4 22. c3 Qf6 23. Bc2 Nc5 24. Qg4 bxa4 25. f5 g5 26. h4 h6 27. Rf3 Kg7 28.
Bxa4 h5 29. Qg3 g4 30. Bxe8 Rxe8 31. Rff1 Nd7 32. Kg1 Ne5 33. Ra1 Rb8 34. b4
Rb5 35. Ra5 Rxa5 36. bxa5 Nc4 37. Qf4 Nxa5 38. Qg5+ Qxg5 39. hxg5 Nc4 40. Kf2
Nb6 41. Rd1 Na4 42. Rc1 h4 43. Ke3 Nc5 44. Rh1 a5 45. Rxh4 a4 46. Rh1 e6 47.
dxe6 fxe6 48. f6+ Kg6 49. Rh6+ 1-0

[Event "Benidorm 2010 - Sub-2300"]
[Site "Benidorm ESP"]
[Date "2010.12.10"]
[Round "9.8"]
[White "Rocabert Andreu, Guillem A"]
[Black "Martinez Rodriguez, Pablo"]
[Result "1/2-1/2"]
[WhiteElo "2227"]
[BlackElo "2286"]
[PlyCount "101"]
[EventDate "2010.12.03"]
[EventType "tourn"]
[EventRounds "10"]
[EventCountry "ESP"]
[Source "lmi"]
[SourceDate "2010.12.03"]

1. d4 d5 2. Nf3 Nf6 3. c4 e6 4. Nc3 Bb4 5. cxd5 exd5 6. Bg5 h6 7. Bf4 g5 8. Bg3
Ne4 9. Nd2 Nxg3 10. hxg3 c6 11. Qc2 Be6 12. e3 Nd7 13. Bd3 Qe7 14. O-O-O O-O-O
15. Kb1 Kb8 16. a3 Bd6 17. Bf5 Nb6 18. Rh5 Qf6 19. g4 Rhe8 20. Rc1 Rc8 21. Bxe6
fxe6 22. Nf3 c5 23. Qd3 e5 24. dxe5 Bxe5 25. Rch1 Bxc3 26. Qxc3 Qxc3 27. bxc3
Re4 28. Rxh6 Rxg4 29. g3 Ra4 30. Nxg5 Rxa3 31. Rh8 Na4 32. g4 Rb3+ 33. Kc1
Rxc3+ 34. Kd2 c4 35. Ne6 Ra3 36. Rxc8+ Kxc8 37. Nd4 Nc5 38. f3 Ra2+ 39. Nc2 b5
40. Rh5 Nd3 41. Kc3 b4+ 42. Nxb4 Ra3+ 43. Kd4 Nxb4 44. g5 Rd3+ 45. Kc5 c3 46.
Kxb4 c2 47. Rh8+ Kd7 48. Rh7+ Ke6 49. Rc7 Rxe3 50. Rxc2 Rxf3 51. Rg2 1/2-1/2

[Event "Benidorm 2010 - Sub-2300"]
[Site "Benidorm ESP"]
[Date "2010.12.10"]
[Round "9.9"]
[White "Diogo, Vasco"]
[Black "Exposito Amaro, Josue"]
[Result "1-0"]
[WhiteElo "2285"]
[BlackElo "2226"]
[PlyCount "109"]
[EventDate "2010.12.03"]
[EventType "tourn"]
[EventRounds "10"]
[EventCountry "ESP"]
[Source "lmi"]
[SourceDate "2010.12.03"]

1. e4 c5 2. Nf3 Nc6 3. d3 e6 4. g3 d5 5. Nbd2 g6 6. Bg2 Bg7 7. O-O Nge7 8. Re1
O-O 9. e5 b5 10. Nf1 a5 11. Bf4 Ra6 12. Ne3 Nf5 13. Nxf5 exf5 14. c4 bxc4 15.
dxc4 d4 16. h4 h6 17. Qd2 Kh7 18. Re2 a4 19. Ne1 Be6 20. Rc1 Na5 21. Qd3 Qd7
22. Bd5 Re8 23. Bd2 Nc6 24. Bxe6 Qxe6 25. f4 Rb8 26. Qa3 Bf8 27. Nd3 Qe7 28.
Be1 Nd8 29. Rb1 Nc6 30. Nf2 Qe6 31. Qd3 Rab6 32. Qc2 d3 33. Qxd3 Nd4 34. Bc3
Nxe2+ 35. Qxe2 R6b7 36. Nd1 Rd7 37. Ne3 Rbd8 38. a3 Rd3 39. Kh2 Qa6 40. Re1 Bg7
41. h5 Bf8 42. hxg6+ Qxg6 43. Kg2 Be7 44. Rh1 Rg8 45. Rh3 Rd7 46. Qc2 Rgd8 47.
Qxf5 Rd3 48. Qxg6+ Kxg6 49. Nd5 Bf8 50. g4 Rxh3 51. Kxh3 Rb8 52. f5+ Kh7 53. e6
Bg7 54. e7 Bxc3 55. bxc3 1-0

[Event "Benidorm 2010 - Sub-2300"]
[Site "Benidorm ESP"]
[Date "2010.12.10"]
[Round "9.10"]
[White "Moreno Gracia, Daniel"]
[Black "Rodriguez Yuste, Marcelo"]
[Result "1/2-1/2"]
[WhiteElo "2283"]
[BlackElo "2223"]
[PlyCount "64"]
[EventDate "2010.12.03"]
[EventType "tourn"]
[EventRounds "10"]
[EventCountry "ESP"]
[Source "lmi"]
[SourceDate "2010.12.03"]

1. d4 d5 2. c4 e6 3. Nf3 f5 4. g3 Nf6 5. Bg2 c6 6. O-O Bd6 7. Nc3 O-O 8. Qc2
Ne4 9. Rb1 a6 10. b4 b5 11. cxd5 cxd5 12. Bf4 Bxf4 13. gxf4 Qc7 14. Rbc1 Qxf4
15. Nxe4 dxe4 16. Qxc8 Rxc8 17. Rxc8+ Kf7 18. Ne5+ Kf6 19. e3 Qh4 20. Rxb8 Rxb8
21. Nd7+ Ke7 22. Nxb8 f4 23. exf4 Qxf4 24. Nxa6 e3 25. fxe3 Qxe3+ 26. Kh1 Qxd4
27. Nb8 Qb2 28. Nc6+ Ke8 29. h3 Qxa2 30. Re1 Qc4 31. Ra1 Qc3 32. Ra7 Qc1+
1/2-1/2

[Event "Benidorm 2010 - Sub-2300"]
[Site "Benidorm ESP"]
[Date "2010.12.10"]
[Round "9.11"]
[White "Alcaraz Ortega, Javier"]
[Black "Sadilek, Peter"]
[Result "1/2-1/2"]
[WhiteElo "2274"]
[BlackElo "2202"]
[PlyCount "57"]
[EventDate "2010.12.03"]
[EventType "tourn"]
[EventRounds "10"]
[EventCountry "ESP"]
[Source "lmi"]
[SourceDate "2010.12.03"]

1. Nf3 d5 2. d4 Nf6 3. c4 c6 4. Qb3 dxc4 5. Qxc4 Bf5 6. Nc3 e6 7. g3 Be7 8. Bg2
Nbd7 9. O-O O-O 10. Re1 Ne4 11. Qb3 Qb6 12. Nh4 Qxb3 13. axb3 Bb4 14. g4 Nxc3
15. gxf5 Na2 16. Rd1 Nxc1 17. Raxc1 Nb6 18. fxe6 fxe6 19. Nf3 Nd5 20. e3 Be7
21. Ne5 Bd6 22. Nd7 Rfd8 23. Nc5 Bxc5 24. Rxc5 Kf7 25. Kf1 Rd6 26. Ke2 Rad8 27.
Ra1 a6 28. Be4 h6 29. h4 1/2-1/2

[Event "Benidorm 2010 - Sub-2300"]
[Site "Benidorm ESP"]
[Date "2010.12.10"]
[Round "9.15"]
[White "Navarro Lopez-Menchero, Daniel"]
[Black "Torres Ventosa, Pedro Eugenio"]
[Result "0-1"]
[WhiteElo "2112"]
[BlackElo "2277"]
[PlyCount "84"]
[EventDate "2010.12.03"]
[EventType "tourn"]
[EventRounds "10"]
[EventCountry "ESP"]
[Source "lmi"]
[SourceDate "2010.12.03"]

1. e4 d6 2. d4 Nf6 3. Nc3 e5 4. Nf3 Nbd7 5. Bc4 Be7 6. O-O O-O 7. Re1 c6 8. a4
b6 9. d5 cxd5 10. Bxd5 Rb8 11. b3 Nc5 12. Ba3 Bg4 13. h3 Bh5 14. Bxc5 bxc5 15.
Bc4 Bg6 16. Qd3 Kh8 17. Rad1 Ne8 18. Qe2 Qa5 19. Nd5 Bd8 20. Bb5 Nc7 21. Nxc7
Qxc7 22. Nd2 Qe7 23. Nc4 Bc7 24. f4 exf4 25. e5 a6 26. Bc6 d5 27. Rxd5 Qe6 28.
Rd6 Qf5 29. Rd7 Rbc8 30. Re7 Qg5 31. Rd7 Bf5 32. Rd2 Bxh3 33. Bb7 Rce8 34. Bxa6
Bg4 35. Qf2 Bxe5 36. Nxe5 Rxe5 37. Rxe5 Qxe5 38. Bb7 g6 39. Rd5 Qe7 40. Qxc5
Qe1+ 41. Kh2 Re8 42. Qd4+ Kg8 0-1

[Event "Benidorm 2010 - Sub-2300"]
[Site "Benidorm ESP"]
[Date "2010.12.10"]
[Round "9.23"]
[White "Cantero, Antonio"]
[Black "Lopez Colon, Francisco"]
[Result "1-0"]
[WhiteElo "2211"]
[BlackElo "2141"]
[PlyCount "53"]
[EventDate "2010.12.03"]
[EventType "tourn"]
[EventRounds "10"]
[EventCountry "ESP"]
[Source "lmi"]
[SourceDate "2010.12.03"]

1. e4 d6 2. d4 Nf6 3. Nc3 g6 4. Be3 c6 5. Qd2 b5 6. Bd3 Qa5 7. h3 b4 8. Nce2
Ba6 9. c4 bxc3 10. Nxc3 Bxd3 11. Qxd3 Bg7 12. Nf3 O-O 13. O-O Nbd7 14. Qd2 Rfb8
15. Rac1 Rb7 16. Rfd1 c5 17. b3 cxd4 18. Nxd4 Qa6 19. f3 Rc7 20. Ncb5 Rxc1 21.
Rxc1 Rb8 22. Nc7 Qb7 23. Nc6 Bf8 24. Nxb8 Nxb8 25. Nd5 Nc6 26. Nxf6+ exf6 27.
Qd5 1-0

[Event "Benidorm 2010 - Sub-2300"]
[Site "Benidorm ESP"]
[Date "2010.12.10"]
[Round "9.29"]
[White "Monmeneu Chulia, Victor"]
[Black "Urukalovic, Roman"]
[Result "1/2-1/2"]
[WhiteElo "2126"]
[BlackElo "2242"]
[PlyCount "58"]
[EventDate "2010.12.03"]
[EventType "tourn"]
[EventRounds "10"]
[EventCountry "ESP"]
[Source "lmi"]
[SourceDate "2010.12.03"]

1. e4 c5 2. Nc3 Nc6 3. g3 e6 4. Bg2 Nf6 5. d3 d5 6. exd5 exd5 7. Nge2 d4 8. Ne4
Nxe4 9. Bxe4 Bd6 10. Nf4 O-O 11. O-O Be5 12. Re1 Re8 13. Bd2 g6 14. Nd5 Bg7 15.
Bg2 Rxe1+ 16. Qxe1 Be6 17. Nf4 Bd7 18. a3 Qc7 19. Nd5 Qd6 20. Qf1 Ne5 21. f4
Nc6 22. b4 cxb4 23. axb4 Be6 24. Qf3 Rd8 25. b5 Bxd5 26. Qxd5 Qxd5 27. Bxd5
Rxd5 28. bxc6 bxc6 29. Rxa7 Bf6 1/2-1/2

[Event "Benidorm 2010 - Sub-2300"]
[Site "Benidorm ESP"]
[Date "2010.12.10"]
[Round "9.32"]
[White "Jensen, Stein"]
[Black "Martinez Tormo, Jorge"]
[Result "1/2-1/2"]
[WhiteElo "2069"]
[BlackElo "2182"]
[PlyCount "57"]
[EventDate "2010.12.03"]
[EventType "tourn"]
[EventRounds "10"]
[EventCountry "ESP"]
[Source "lmi"]
[SourceDate "2010.12.03"]

1. c4 e5 2. Nc3 Nc6 3. g3 g6 4. Bg2 Bg7 5. d3 Nge7 6. e3 d6 7. Nge2 O-O 8. O-O
Be6 9. Nd5 Qd7 10. Rb1 Nd8 11. b4 c6 12. Nxe7+ Qxe7 13. b5 Qd7 14. bxc6 bxc6
15. Ba3 Rc8 16. f4 Re8 17. fxe5 dxe5 18. Nc3 Bf5 19. Ne4 Bxe4 20. Bxe4 f5 21.
Bg2 Ne6 22. Bb2 Red8 23. e4 fxe4 24. Bxe4 Nc5 25. Qf3 Nxe4 26. dxe4 Qe6 27. Qe2
Rc7 28. Bc1 h6 29. Be3 1/2-1/2

[Event "Benidorm 2010 - Sub-2300"]
[Site "Benidorm ESP"]
[Date "2010.12.10"]
[Round "9.43"]
[White "Perez Aleman, Pedro Tomas"]
[Black "Bendayan Claros, Aaron"]
[Result "1-0"]
[WhiteElo "2084"]
[BlackElo "2189"]
[PlyCount "57"]
[EventDate "2010.12.03"]
[EventType "tourn"]
[EventRounds "10"]
[EventCountry "ESP"]
[Source "lmi"]
[SourceDate "2010.12.03"]

1. e4 c6 2. d4 d5 3. e5 Bf5 4. Nf3 e6 5. Be2 c5 6. Be3 Qb6 7. Nc3 Qxb2 8. Nb5
c4 9. Rb1 Qxc2 10. Qxc2 Bxc2 11. Rb2 Ba4 12. Nc7+ Kd7 13. Nxa8 Kc8 14. Bd2 Nd7
15. Bd1 Bc6 16. Ba5 Ba3 17. Rb1 Be7 18. h4 h6 19. Bc2 Bd8 20. Bxd8 Kxd8 21. h5
Kc8 22. Rh3 Kb8 23. Rg3 Ne7 24. Rxg7 Rf8 25. g4 Nc8 26. g5 Rh8 27. gxh6 Rxh6
28. Rh7 Rxh7 29. Bxh7 1-0

[Event "Benidorm 2010 - Sub-2300"]
[Site "Benidorm ESP"]
[Date "2010.12.10"]
[Round "9.59"]
[White "Estevez Jacome, Jose Ramon"]
[Black "Muelas Cerezuela, Jose"]
[Result "0-1"]
[WhiteElo "2021"]
[BlackElo "2105"]
[PlyCount "52"]
[EventDate "2010.12.03"]
[EventType "tourn"]
[EventRounds "10"]
[EventCountry "ESP"]
[Source "lmi"]
[SourceDate "2010.12.03"]

1. Nf3 Nf6 2. d4 e6 3. c4 Bb4+ 4. Bd2 Qe7 5. a3 Bxd2+ 6. Nbxd2 d6 7. e4 e5 8.
dxe5 dxe5 9. Be2 O-O 10. O-O c5 11. Qc2 Nc6 12. Rad1 Bg4 13. h3 Bh5 14. Nb1 Bg6
15. Nfd2 Nd4 16. Qd3 Rad8 17. Nc3 Rd6 18. Qe3 Rfd8 19. Nd5 Nxd5 20. cxd5 b5 21.
f3 f5 22. Bxb5 Nxb5 23. Qxc5 Nd4 24. Nc4 R6d7 25. d6 Rxd6 26. exf5 Nxf3+ 0-1